000 00532nam a2200181Ia 4500
999 _c14497
_d14497
003 OSt
005 20201022102128.0
008 190216s9999||||xx |||||||||||||| ||und||
022 _29788184352276
040 _coclc
082 _a828.91409
_bPHO/H
100 _a Phomrong, Hongsha
_95372
245 0 _aKamala Das The Indian Monroe /
_cHongsha Phomrong
260 _bAdhyayan Publishers ,
_c2010.
_aNew Delhi:
300 _a155p
650 _aEnglish
942 _cBK
_2ddc
_h828.91409
_iPHO/K
_k828.91409
_mPHO/K